Pop Stars' Real Names #2 - Statistics

General Stats
  • This quiz has been taken 32 times
  • The average score is 7 of 20
Answer Stats
real name stage name % Correct
Charles Berry Chuck Berry
70%
Farrokh Bulsara Freddie Mercury
67%
Richard Valenzuela Ritchie Valens
67%
Curtis Jackson 50 Cent
59%
David Jones David Bowie
59%
Michael Bolotin Michael Bolton
52%
Paul Hewson Bono
48%
Edward Ellington Duke Ellington
48%
Enrique Morales Ricky Martin
41%
Charles Holley Buddy Holly
37%
Antoine Domino Fats Domino
33%
Robert Kelly R Kelly
33%
Helen Folasade Adu Sade
33%
LaDonna Gaines Donna Summer
30%
Cornell Haynes Nelly
15%
______ Haughton Aaliyah
11%
Eleanora Fagan Billie Holiday
7%
Ernest Evans Chubby Checker
7%
Leslie Charles Billy Ocean
4%
Orville Burrell Shaggy
4%
No matching quizzes found
Score Distribution
Percent of People with Each Score
Percentile by Number Answered
Your Score History
You have not taken this quiz